| 000 | 00797aab a2200181 i 4500 | ||
|---|---|---|---|
| 001 | 768714001 | ||
| 003 | CO-MdFUSB | ||
| 005 | 20240326141411.0 | ||
| 008 | 240326b |||||||| |||| 00| 0 eng d | ||
| 040 |
_bspa _cCO-MdFUSB |
||
| 041 | _aspa | ||
| 245 | 1 | 0 | _a"El retoño" donde se nutre la esperanza |
| 300 |
_aVolumen 12, número 4 (octubre - diciembre, 1993), páginas: 11 - 12 _c; 27 cm |
||
| 520 | _aEste artículo es una entrevista entre MISIÓN con Kike Vivas, coordinador de "El Retoño", un ministerio dedicado a la rehabilitación de adictos a las drogas y a la atención de portadores del V.I.H. en Buenos Aires. | ||
| 653 | _aEntrevista | ||
| 773 | 0 |
_tIglesia y Misión _049402 _959656 _gVolumen 12, número 4 (octubre - diciembre, 1993), páginas: 11 - 12 _qpáginas: 11 |
|
| 942 | _cANA | ||
| 999 |
_c52013 _d52013 |
||